000 00754nam a2200277Ia 4500
001 Z_2884
003 CHAP
008 220113s1990 xx 000 0 und d
010 _a165960
040 _cCHAP
082 _a633.2 C3
100 _aCantú Brito, Jesús Enrique
_918484
245 _aManejo de pastizales : revisión bibliográfica /
_cpor Jesús Enrique Cantú Brito
260 _aTorreón, Coah. :
_bUniversidad Autónoma Agraria Antonio Narro,
_c1990
300 _a290 p.
440 _a
500 _aFotocopía
503 _a
650 _aPastizales
_xManejo I. Universidad Autónoma Agraria Antonio Narro II. t.
_9139992
901 _a633.2 C3
902 _aA
910 _a1990
942 _c1
942 _cc1
999 _c165960
_d165960